000
00311nam a22001457a 4500
008
210518b ||||| |||| 00| 0 eng d
020
_a
9780070042841
041
_a
eng
080
_a
621
082
_a
621
100
_a
26
101
_a
MEK
245
_a
Mechanics of Materials
_c
Beer,F.P
942
_2
udc
_c
BK
999
_c
57449
_d
57449